Catálogo público

Normal view MARC view

Entry Nombre personal

Number of records used in: 1

001 - NÚMERO DE CONTROL

  • campo de control: 189733

003 - IDENTIFICADOR DEL NÚMERO DE CONTROL

  • campo de control: CHAP

005 - FECHA Y HORA DE LA ÚLTIMA TRANSACCIÓN

  • campo de control: 20241111095315.0

008 - DATOS DE LONGITUD FIJA

  • campo de control de longitud fija: 241111|| acz||abbn | a|a d

040 ## - FUENTE DE LA CATALOGACIÓN

  • Centro catalogador/agencia de origen: Z
  • Centro/agencia transcriptor: CHAP

100 1# - ENCABEZAMIENTO-NOMBRE DE PERSONA

  • Nombre de persona: Bucio Ortiz, Leticia

670 ## - FUENTE DE DATOS ENCONTRADOS

  • Cita de la fuente: Manual de bioquímica 1 / Elvira González Soto, Leticia Bucio Ortiz, Pablo Damián Matsumura, Fernándo Díaz de León Sánchez, Edith Cortés Barberena y Laura Josefina Pérez Flores. 2007